Retail marketing
সংরক্ষণ করুন:
| প্রধান লেখক: | |
|---|---|
| বিন্যাস: | গ্রন্থ |
| ভাষা: | ইংরেজি |
| প্রকাশিত: |
Discovery Publishing House
2013
|
| ট্যাগগুলো: |
ট্যাগ যুক্ত করুন
কোনো ট্যাগ নেই, প্রথমজন হিসাবে ট্যাগ করুন!
|
MARC
| LEADER | 00000nam a22000007a 4500 | ||
|---|---|---|---|
| 008 | 201221b ||||| |||| 00| 0 eng d | ||
| 020 | |a 978-93-5056-292-5 | ||
| 100 | |a RAO, Rama Mohana K |a Manikyam, K. Ratna | ||
| 245 | |a Retail marketing |c K. Rama Mohana Rao and K. Ratna Manikyam. |g 275p. | ||
| 260 | |b Discovery Publishing House |c 2013 |h New Delhi |i 680306 |i 680307 |l HF5415.12 .I4R18 |m Marketing – India . | ||
| 942 | |a lcc |c BK |e Kuteyi, M. A. |f 21/12/2020 | ||
| 952 | |0 0 |1 0 |2 lcc |4 0 |6 HF541512 I4 R18 |7 0 |9 1071 |a HOL |b MPL |c GJ |d 2020-12-21 |l 0 |o HF5415.12 .I4R18 |p 2020-230286 |r 2020-12-21 00:00:00 |w 2020-12-21 |y BK | ||
| 952 | |0 0 |1 0 |2 lcc |4 0 |6 HF541512 I4 R18 |7 0 |9 1072 |a HOL |b HOL |c GJ |d 2020-12-21 |l 0 |o HF5415.12 .I4R18 |p 2020-230287 |r 2020-12-21 00:00:00 |w 2020-12-21 |y BK | ||
| 999 | |c 553 |d 553 | ||